Những quy định về nghĩa vụ lao động của công nhân, viên chức nhà nước
Uloženo v:
| Korporativní autor: | |
|---|---|
| Médium: | Kniha |
| Jazyk: | Vietnamese |
| Vydáno: |
H.
Lao động
1977
|
| Témata: | |
| Tagy: |
Přidat tag
Žádné tagy, Buďte první, kdo otaguje tento záznam!
|
| Thư viện lưu trữ: | Trung tâm Học liệu Lê Vũ Hùng, Trường Đại học Đồng Tháp |
|---|
| LEADER | 00790pam a22002298a 4500 | ||
|---|---|---|---|
| 001 | 00024785 | ||
| 005 | 20171026081023.0 | ||
| 008 | 110723s1977 ||||||viesd | ||
| 041 | 0 | # | |a vie |
| 082 | 1 | 4 | |a 344.597 |b NH556Q |
| 110 | 1 | # | |a Việt Nam (CHXHCN). Luật lệ và sắc lệnh |
| 245 | 0 | 0 | |a Những quy định về nghĩa vụ lao động của công nhân, viên chức nhà nước |
| 260 | # | # | |a H. |b Lao động |c 1977 |
| 300 | # | # | |a 43tr. |c 19 cm. |
| 650 | # | 4 | |a Công nhân |
| 650 | # | 4 | |a Văn bản pháp qui |
| 650 | # | 4 | |a Viên chức |
| 650 | # | 4 | |a Lao động |
| 852 | # | # | |b Kho đọc |j KD.0010057 |
| 852 | # | # | |j KD.0010057 |
| 910 | 0 | # | |a Ntuyet |d 23/07/2011 |
| 980 | # | # | |a Trung tâm Học liệu Lê Vũ Hùng, Trường Đại học Đồng Tháp |